Prontuario de legislación civil catalana / por Joaquín Almeda
Descripción Física:
24 p. ; 27 cm
Materias:
Dret civil -- Catalunya
MARC
| LEADER | 00000nam a2200000Ia 4500 | ||
|---|---|---|---|
| 001 | 8182 | ||
| 008 | 160829s1899 xx 000 0 cat d | ||
| 080 | |a RF-9-30 | ||
| 100 | |a Almeda, Joaquín |9 48497 | ||
| 245 | |a Prontuario de legislación civil catalana / por Joaquín Almeda | ||
| 260 | |a Barcelona : |b Tipografía de la Casa Provincial de Caridad, |c 1899 | ||
| 300 | |a 24 p. ; |c 27 cm | ||
| 590 | |a A la portada: Se publica por acuerdo y á expensas de la Excma. Diputación Provincial de Barcelona. | ||
| 590 | |a Hi ha un altre exemplar a 2324, exp. de 'Codificación del Derecho Foral' | ||
| 650 | 0 | |a Dret civil |z Catalunya |9 10507 | |
| 710 | 1 | |a Barcelona (Catalunya : Província). |b Diputació |9 52408 | |
| 856 | 4 | |u https://media.diba.cat/diba/fitxers/arxiu/fulletons/bib_8182_1899_baixa.pdf |y Accés lliure | |
| 856 | 4 | |u https://media.diba.cat/diba/fitxers/arxiu/fulletons/bib_8182_1899_baixa.pdf |y Accés lliure | |
| 901 | |a Arxiu | ||
| 942 | |n 1 |2 udc | ||
| 952 | |0 0 |1 0 |4 0 |6 RF930 |7 1 |9 54600 |a Arxiu |b Arxiu |d 2016-12-01 |l 0 |o RF-9-30 |p 8182 |r 2016-12-01 00:00:00 |w 2016-12-01 |y ARXIU | ||
| 999 | |c 58469 |d 58469 | ||
| 900 | |a bib_8182_1899_baixa.pdf | ||